000 00630nam a22001577a 4500
003 OSt
005 20150910142628.0
008 150910b xxu||||| |||| 00| 0 eng d
040 _cRUA
082 _aAGR ឡាយ 1995 BOO11 Or.1
100 _9240
_aឡាយ វិសិដ្ឋ
245 _aAGRICULTURAL DEVELOPMENT BASED Oការអភិវឌ្ឍន៍កសិកម្មដោយផ្អែកលើប្រព័ន្ធគ្រប់គ្រង និង ឥទានជនបទ ខេត្តពោធិ៍សាត់
260 _aPHNOMPHEN
_bRUA
_c1995
300 _a25P.
_bILL.
_c29CM.
942 _2ddc
_cAGR
999 _c227
_d227